| 000 | 00739nam a2200217 a 4500 | ||
|---|---|---|---|
| 001 | 000930265 | ||
| 003 | AM-YeHGA | ||
| 005 | 20250617162231.0 | ||
| 008 | 121123s1957 ru r 000 0 rus d | ||
| 040 | _aAM-YeHGA | ||
| 041 | 0 | _arus | |
| 100 | 1 |
_aКоган-Ясный, Виктор Моисеевич _d1889-1958 |
|
| 245 | 1 | 0 |
_aСахарная болезнь / _cВ. М. Коган-Ясный. |
| 260 |
_aМосква : _bМедгиз, _c1957. |
||
| 300 |
_a302 с. : _bил., 1 вкл. л. цв. ил. ; _c21 см. |
||
| 500 | _aНа пер. в выход. дан. : 1958. | ||
| 504 | _aБиблиогр. : с. 272-300. | ||
| 650 | 1 | 4 | _aДиабет сахарный |
| 650 | 1 | 4 | _aЭндокринология |
| 090 | _c488857 | ||
| 999 |
_c485488 _d485488 |
||